[Event "Jesenik Rapid op"]
[Site "Jesenik"]
[Date "2023.08.18"]
[Round "3"]
[White "Slava, Vladyslav"]
[Black "Skovron, Josef"]
[Result "0-1"]
[WhiteElo "1276"]
[BlackElo "1769"]
[PlyCount "30"]
[EventDate "2023.08.18"]
[EventType "swiss (rapid)"]
[EventRounds "9"]
[EventCountry "CZE"]
[SourceTitle "EXT 2024"]
[Source "ChessBase"]
[SourceDate "2023.10.10"]
[SourceVersion "1"]
[SourceVersionDate "2023.10.10"]
[SourceQuality "1"]

1. e4 c5 2. Nc3 Nc6 3. Nf3 e5 4. Bb5 d6 5. d3 Be7 6. Nd5 Nf6 7. Nxe7 Qxe7 8. c4 0-0 9. 0-0 Bg4 10. Bg5 Nd4 11. a4 a6 12. h3 Bxf3 13. gxf3 axb5 14. axb5 Rxa1 15. Qxa1 Nxf3+ 0-1

[Event "Jesenik Rapid op"]
[Site "Jesenik"]
[Date "2023.08.18"]
[Round "9"]
[White "Slava, Vladyslav"]
[Black "Snopek, Miroslav"]
[Result "1-0"]
[WhiteElo "1276"]
[BlackElo "1061"]
[PlyCount "45"]
[EventDate "2023.08.18"]
[EventType "swiss (rapid)"]
[EventRounds "9"]
[EventCountry "CZE"]
[SourceTitle "EXT 2024"]
[Source "ChessBase"]
[SourceDate "2023.10.10"]
[SourceVersion "1"]
[SourceVersionDate "2023.10.10"]
[SourceQuality "1"]

1. e4 e5 2. Nc3 Nc6 3. f4 exf4 4. Nf3 Bc5 5. d4 Bxd4 6. Nxd4 Nxd4 7. Qxd4 Nf6 8. Be2 0-0 9. 0-0 d6 10. Bxf4 Bg4 11. Bxg4 Nxg4 12. h3 c5 13. Qd3 Nf6 14. Bg5 h6 15. Bxf6 gxf6 16. Qg3+ Kh7 17. Rf5 Rg8 18. Qf3 Rg6 19. Rf1 Kg7 20. Nd5 Qd7 21. Rxf6 Rxf6 22. Qxf6+ Kf8 23. Qh8# 1-0